Essentials of Organizational Communication (Record no. 88079)

MARC details
000 -LEADER
fixed length control field 00821nam a22002777a 4500
003 - CONTROL NUMBER IDENTIFIER
control field OSt
005 - DATE AND TIME OF LATEST TRANSACTION
control field 20251022142518.0
008 - FIXED-LENGTH DATA ELEMENTS--GENERAL INFORMATION
fixed length control field 250929b ||||| |||| 00| 0 eng d
020 ## - INTERNATIONAL STANDARD BOOK NUMBER
International Standard Book Number 978-621-409-278-9
040 ## - CATALOGING SOURCE
Transcribing agency URS
050 ## - LIBRARY OF CONGRESS CALL NUMBER
Classification number HM131
Item number .C31 2024
100 ## - MAIN ENTRY--PERSONAL NAME
Personal name Jesus Perry L. Caudilla
245 ## - TITLE STATEMENT
Title Essentials of Organizational Communication
264 ## - PRODUCTION, PUBLICATION, DISTRIBUTION, MANUFACTURE, AND COPYRIGHT NOTICE
Place of production, publication, distribution, manufacture Mandaluyong City
Name of producer, publisher, distributor, manufacturer Books Atbp. Publishing Corp.
Date of production, publication, distribution, manufacture, or copyright notice ©2024
300 ## - PHYSICAL DESCRIPTION
Extent 238 pages.,:
Dimensions 26 cm.
336 ## - CONTENT TYPE
Source rdacontent
Content type term text
337 ## - MEDIA TYPE
Source rdamedia
Media type term unmediated
338 ## - CARRIER TYPE
Source rdacarrier
Carrier type term volume
650 #0 - SUBJECT ADDED ENTRY--TOPICAL TERM
Topical term or geographic name entry element Communication in organizations
650 #0 - SUBJECT ADDED ENTRY--TOPICAL TERM
Topical term or geographic name entry element Interpersonal relations
650 #0 - SUBJECT ADDED ENTRY--TOPICAL TERM
Topical term or geographic name entry element Organizational behavior
650 #0 - SUBJECT ADDED ENTRY--TOPICAL TERM
Topical term or geographic name entry element Personnel management
700 1# - ADDED ENTRY--PERSONAL NAME
Personal name Cuizon, Marivic E.
700 ## - ADDED ENTRY--PERSONAL NAME
Personal name De Guzman, Cristopher Alvin M.
942 ## - ADDED ENTRY ELEMENTS (KOHA)
Source of classification or shelving scheme Library of Congress Classification
Koha item type Filipiniana
Holdings
Withdrawn status Source of classification or shelving scheme Damaged status Not for loan Collection code Home library Current library Date acquired Total Checkouts Full call number Barcode Date last seen Copy number Price effective from Koha item type Shelving location
  Library of Congress Classification       Angono College Library Angono College Library 02/23/2026   HM131 .C31 2024 URSANG-7660 02/23/2026 1 02/23/2026 Filipiniana Filipiniana Section
  Library of Congress Classification       Angono College Library Angono College Library 02/23/2026   HM131 .C31 2024 URSANG-7661 02/23/2026 2 02/23/2026 Filipiniana Filipiniana Section
  Library of Congress Classification     Non-fiction Morong College Library Morong College Library 09/29/2025   HM131 .C31 2024 URSMOR-CL-30415 09/29/2025 1 09/29/2025 Filipiniana  
  Library of Congress Classification     Non-fiction Morong College Library Morong College Library 09/29/2025   HM131 .C31 2024 URSMOR-CL-30416 09/29/2025 2 09/29/2025 Filipiniana  
  Library of Congress Classification     Non-fiction Morong College Library Morong College Library 09/29/2025   HM131 .C31 2024 URSMOR-CL-30417 09/29/2025 3 09/29/2025 Filipiniana  
  Library of Congress Classification     Non-fiction Morong College Library Morong College Library 09/29/2025   HM131 .C31 2024 URSMOR-CL-30418 09/29/2025 4 09/29/2025 Filipiniana  
  Library of Congress Classification     Non-fiction Morong College Library Morong College Library 09/29/2025   HM131 .C31 2024 URSMOR-CL-30419 09/29/2025 5 09/29/2025 Filipiniana  

University of Rizal System
Email us at univlibservices@urs.edu.ph

Visit our Website www.urs.edu.ph/library